| 000 | 00686nam a22002417a 4500 | ||
|---|---|---|---|
| 999 |
_c7012 _d7012 |
||
| 001 | 7802 | ||
| 003 | BD-DhUAP | ||
| 005 | 20210112141047.0 | ||
| 008 | 210112r20002003ii ||||| |||| 001 0 eng d | ||
| 020 | _a8120323521 | ||
| 040 |
_aBD-DhUAP _bEng _cBD-DhUAP _dBD-DhUAP |
||
| 082 |
_223 _a658.872 STR |
||
| 100 | _aStrauss, Judy. | ||
| 245 |
_aE-marketing / _cJudy Strauss, Raymond Frost and Adel eI-Ansary. |
||
| 250 | _a3rd ed. | ||
| 260 |
_aNew Delhi : _bPrentice-Hall of India, _cc2000 [2003]. |
||
| 300 |
_axxi, 578 pages ; _c22 cm. |
||
| 500 | _aIncludes index. | ||
| 650 | _aInternet marketing. | ||
| 700 | _aFrost, Raymond. | ||
| 700 | _aEI-Ansary, Adel. | ||
| 942 |
_2ddc _cBK |
||